World development report 2011: (Record no. 87)

MARC details
000 -LEADER
fixed length control field 00575nam a22001817a 4500
005 - DATE AND TIME OF LATEST TRANSACTION
control field 20230109095022.0
008 - FIXED-LENGTH DATA ELEMENTS--GENERAL INFORMATION
fixed length control field 230109b |||||||| |||| 00| 0 eng d
020 ## - INTERNATIONAL STANDARD BOOK NUMBER
International Standard Book Number 9780821384398
040 ## - CATALOGING SOURCE
Original cataloging agency KMU
Transcribing agency KMU
050 ## - LIBRARY OF CONGRESS CALL NUMBER
Classification number JZ 5588 Wor 2011
245 ## - TITLE STATEMENT
Title World development report 2011:
Remainder of title Conflict, security, and development /
Statement of responsibility, etc. by the world bank
260 ## - PUBLICATION, DISTRIBUTION, ETC.
Place of publication, distribution, etc. Washington :
Name of publisher, distributor, etc. The world bank ,
Date of publication, distribution, etc. 2011 .
300 ## - PHYSICAL DESCRIPTION
Extent xxv , 384 pages :
Other physical details Illustrations ;
Dimensions 26 cm .
500 ## - GENERAL NOTE
General note Includes an index
650 ## - SUBJECT ADDED ENTRY--TOPICAL TERM
Source of heading or term Oclc
Topical term or geographic name entry element Economic development
650 ## - SUBJECT ADDED ENTRY--TOPICAL TERM
Source of heading or term Oclc
Topical term or geographic name entry element Violence
942 ## - ADDED ENTRY ELEMENTS (KOHA)
Source of classification or shelving scheme Library of Congress Classification
Koha item type Non-Fiction
Suppress in OPAC No
Holdings
Withdrawn status Lost status Source of classification or shelving scheme Damaged status Not for loan Collection Home library Current library Shelving location Date acquired Source of acquisition Total Checkouts Full call number Barcode Date last seen Price effective from Koha item type
    Library of Congress Classification     Non-fiction Kapasa Makasa University Kapasa Makasa University Open Access 09.01.2023 Book Aid   JZ 5588 Wor 2011 747805 09.01.2023 09.01.2023 Non-Fiction
    Library of Congress Classification     Non-fiction Kapasa Makasa University Kapasa Makasa University Open Access 09.01.2023 Book Aid   JZ 5588 Wor 2011 747806 09.01.2023 09.01.2023 Non-Fiction
    Library of Congress Classification     Non-fiction Kapasa Makasa University Kapasa Makasa University Open Access 09.01.2023 Book Aid   JZ 5588 Wor 2011 747804 09.01.2023 09.01.2023 Non-Fiction